Văn hóa vì phát triển

Gespeichert in:
Bibliographische Detailangaben
1. Verfasser: Phạm, Xuân Nam
Format: Buch
Sprache:Undetermined
Veröffentlicht: Hà Nội Khoa học - Xã hội 2005
Tags: Tag hinzufügen
Keine Tags, Fügen Sie den ersten Tag hinzu!
Thư viện lưu trữ: Trung tâm Học liệu Trường Đại học Cần Thơ
LEADER 00485nam a2200181Ia 4500
001 CTU_94004
008 210402s9999 xx 000 0 und d
020 |c 40000 
082 |a 305.89597 
082 |b N104 
100 |a Phạm, Xuân Nam 
245 0 |a Văn hóa vì phát triển 
245 0 |c Phạm Xuân Nam 
260 |a Hà Nội 
260 |b Khoa học - Xã hội 
260 |c 2005 
904 |i Minh 
980 |a Trung tâm Học liệu Trường Đại học Cần Thơ